| 000 | 00377nam a2200133Ia 4500 | ||
|---|---|---|---|
| 008 | 231017s9999 xx 000 0 und d | ||
| 082 | _a625.85 | ||
| 082 | _bJON | ||
| 245 | 0 | _aWarm-Mix Asphalt Study: Test Track Construction and First Level Analysis of Phase 1 HVS and Laboratory Testing | |
| 245 | 0 | _cDavid Jones | |
| 260 | _bDavid Jones | ||
| 300 | _c30cm | ||
| 942 | _cREP | ||
| 999 |
_c604749 _d604749 |
||